00508nam a2200157Ia 4500008004100000020001800041245003400059250000600093260002500099300001000124500002400134942000700158952008400165952008400249999001700333230524s9999 xx 000 0 und d a9789393165091 0aGATE 2023 - Civil Engineering a1 aNew DelhibMade Easy a835p; aQuantity Number: 2 cBK 00104070aTATCLbTATCLcGENd2023-05-24l0p60154r2023-05-24w2023-05-24yBK 00104070aTATCLbTATCLcGENd2023-05-24l0p60538r2023-05-24w2023-05-24yBK c60734d60734